| 000 | 00443 a2200133 4500 | ||
|---|---|---|---|
| 001 | 87689 | ||
| 082 | _aPR 66 | ||
| 090 |
_c41148 _d41148 |
||
| 100 | _aM Waqas Khalid , Plt Off 15640 71(B) EC | ||
| 245 | _aDesign, fabrication and measurement of a wideband differential low noise amplifier | ||
| 260 |
_aRisalpur _bCAE, PAF Academy Risalpur _c2011 |
||
| 300 |
_a69p. _eShahzad Arshad, Sqn Ldr; M Ajmal Khan, Wg Cdr |
||
| 500 | _aBE Project Reports | ||
| 942 |
_aCAE NUST _kPR 66 |
||
| 999 |
_c322762 _d322762 |
||